00656nam a2200193Ia 4500008004100000082001700041100001900058245003600077250000800113260002900121300000800150500002400158650001600182700002800198942000700226952010600233952010600339999001700445230524s9999 xx 000 0 und d a621.384bPAH aKaveh Pahlavan 0aPrinciples of Wireless Networks a1ST aNEW DELHIbPearsonc2003 a581 aQuantity Number: 2 aElectronics a Prashant Krishnamurthy cBK 00104070aTATCLbTATCLcGENd2023-05-24l0o621.384 PAHp6168r2023-05-24w2023-05-24yBKzCPEC5404 00104070aTATCLbTATCLcGENd2023-05-24l0o621.384 PAHp6169r2023-05-24w2023-05-24yBKzCPEC5404 c21354d21354